[Event "GER-chT U14"]
[Site "Lingen"]
[Date "2011.12.30"]
[Round "7.3"]
[White "Ospina Ocampo, Antonio"]
[Black "Weinmeister, Nico"]
[Result "0-1"]
[WhiteElo "934"]
[BlackElo "1380"]
[PlyCount "56"]
[EventDate "2011.12.27"]
[EventType "team-swiss"]
[EventRounds "7"]
[EventCountry "GER"]
[SourceTitle "EXT 2022"]
[Source "ChessBase"]
[SourceDate "2021.10.06"]
[SourceVersion "1"]
[SourceVersionDate "2021.10.06"]
[SourceQuality "1"]
[WhiteTeam "Karlsruhe 1853 U14"]
[BlackTeam "Widdern SC U14"]
[WhiteTeamCountry "GER"]
[BlackTeamCountry "GER"]

1. e4 e5 2. Nf3 Nc6 3. Nc3 Nf6 4. Bb5 d6 5. 0-0 a6 6. Bxc6+ bxc6 7. d3 Bg4 8. h3 Bh5 9. Bg5 h6 10. Bh4 g5 11. Bg3 g4 12. hxg4 Bxg4 13. Bh4 Be7 14. g3 Nd7 15. Bxe7 Qxe7 16. Kg2 Qf6 17. Rh1 Rg8 18. Qe2 h5 19. Nd1 h4 20. Ne3 h3+ 21. Rxh3 Bxh3+ 22. Kxh3 Rh8+ 23. Kg2 Qh6 24. Nh4 Qg5 25. Nef5 Rb8 26. b3 Nc5 27. Rh1 Ne6 28. Nf3 Nf4+ 0-1

[Event "GER-chT U14"]
[Site "Lingen"]
[Date "2011.12.29"]
[Round "6.3"]
[White "Weinmeister, Nico"]
[Black "Gressmann, Hanna"]
[Result "1/2-1/2"]
[WhiteElo "1380"]
[BlackElo "1327"]
[PlyCount "67"]
[EventDate "2011.12.27"]
[EventType "team-swiss"]
[EventRounds "7"]
[EventCountry "GER"]
[SourceTitle "EXT 2022"]
[Source "ChessBase"]
[SourceDate "2021.10.06"]
[SourceVersion "1"]
[SourceVersionDate "2021.10.06"]
[SourceQuality "1"]
[WhiteTeam "Widdern SC U14"]
[BlackTeam "Weissensee Chemie"]
[WhiteTeamCountry "GER"]
[BlackTeamCountry "GER"]

1. e4 e5 2. Nf3 Nc6 3. d4 exd4 4. Nxd4 Nf6 5. Nxc6 bxc6 6. Bd3 Bc5 7. Bg5 d6 8. 0-0 0-0 9. Qf3 Bd4 10. c3 Be5 11. Qe3 Ng4 12. Qd2 Qd7 13. h3 h6 14. f4 hxg5 15. fxe5 Nxe5 16. Bc2 g4 17. h4 Qe7 18. Qf2 Ng6 19. g3 Ne5 20. Nd2 Be6 21. Qf4 f6 22. Kg2 Qf7 23. Bb3 Nd3 24. Qe3 Nc5 25. Rh1 Nxb3 26. axb3 Bxb3 27. Rxa7 Rxa7 28. Qxa7 Be6 29. Qb7 f5 30. Rf1 Qd7 31. exf5 Bxf5 32. Qb3+ d5 33. Qd1 Kh8 34. Qe2 1/2-1/2

[Event "GER-chT U14"]
[Site "Lingen"]
[Date "2011.12.28"]
[Round "4.3"]
[White "Rosenthal, Moritz"]
[Black "Weinmeister, Nico"]
[Result "0-1"]
[WhiteElo "1082"]
[BlackElo "1380"]
[PlyCount "64"]
[EventDate "2011.12.27"]
[EventType "team-swiss"]
[EventRounds "7"]
[EventCountry "GER"]
[SourceTitle "EXT 2022"]
[Source "ChessBase"]
[SourceDate "2021.10.06"]
[SourceVersion "1"]
[SourceVersionDate "2021.10.06"]
[SourceQuality "1"]
[WhiteTeam "Werder Bremen U14"]
[BlackTeam "Widdern SC U14"]
[WhiteTeamCountry "GER"]
[BlackTeamCountry "GER"]

1. e4 e5 2. Nf3 Nc6 3. Bc4 Bc5 4. c3 Nf6 5. d3 d5 6. exd5 Nxd5 7. d4 exd4 8. cxd4 Bb6 9. 0-0 0-0 10. b3 Bg4 11. Nbd2 Bxd4 12. Rb1 Nc3 13. Qe1 Nxb1 14. Nxd4 Qxd4 15. Nxb1 Rfe8 16. Qd2 Qxd2 17. Bxd2 Ne5 18. Bd5 c6 19. Be4 Rad8 20. h3 Bh5 21. f4 Nd7 22. Bc2 Be2 23. Rf2 Nc5 24. Bc3 Nd3 25. Bxd3 Rxd3 26. Kh2 f6 27. Bd2 Bh5 28. g4 Bf7 29. f5 Bd5 30. Bb4 Ree3 31. Nc3 Rxh3+ 32. Kg1 Rh1# 0-1

[Event "GER-chT U14"]
[Site "Lingen"]
[Date "2011.12.28"]
[Round "3.3"]
[White "Weinmeister, Nico"]
[Black "Zimmermeier, Gregor"]
[Result "1-0"]
[WhiteElo "1380"]
[BlackElo "877"]
[PlyCount "59"]
[EventDate "2011.12.27"]
[EventType "team-swiss"]
[EventRounds "7"]
[EventCountry "GER"]
[SourceTitle "EXT 2022"]
[Source "ChessBase"]
[SourceDate "2021.10.06"]
[SourceVersion "1"]
[SourceVersionDate "2021.10.06"]
[SourceQuality "1"]
[WhiteTeam "Widdern SC U14"]
[BlackTeam "Schwarzenbach Caissa U14"]
[WhiteTeamCountry "GER"]
[BlackTeamCountry "GER"]

1. e4 g6 2. d4 Bg7 3. Nf3 d6 4. Bf4 Nf6 5. Nc3 Nbd7 6. Qd2 h6 7. Be2 a6 8. 0-0-0 b5 9. h3 Bb7 10. e5 Nd5 11. Nxd5 Bxd5 12. Rhe1 Qb8 13. exd6 cxd6 14. Qe3 e6 15. g4 g5 16. Bg3 Ke7 17. h4 f6 18. Nd2 a5 19. f4 Rg8 20. hxg5 a4 21. Bf3 Bxa2 22. Bxa8 Qxa8 23. f5 e5 24. gxf6+ Bxf6 25. dxe5 Nxe5 26. Bxe5 Bxe5 27. Nf3 Qc6 28. Nxe5 dxe5 29. Qxe5+ Kf7 30. Qe7# 1-0

[Event "GER-chT U14"]
[Site "Lingen"]
[Date "2011.12.27"]
[Round "2.3"]
[White "Andressen, Kay"]
[Black "Weinmeister, Nico"]
[Result "0-1"]
[WhiteElo "1381"]
[BlackElo "1380"]
[PlyCount "64"]
[EventDate "2011.12.27"]
[EventType "team-swiss"]
[EventRounds "7"]
[EventCountry "GER"]
[SourceTitle "EXT 2022"]
[Source "ChessBase"]
[SourceDate "2021.10.06"]
[SourceVersion "1"]
[SourceVersionDate "2021.10.06"]
[SourceQuality "1"]
[WhiteTeam "Kiel Doppelbauer U14"]
[BlackTeam "Widdern SC U14"]
[WhiteTeamCountry "GER"]
[BlackTeamCountry "GER"]

1. e4 e5 2. Nf3 Nc6 3. Bc4 Bc5 4. b4 Bxb4 5. c3 Ba5 6. d4 exd4 7. 0-0 Nge7 8. cxd4 d5 9. exd5 Nxd5 10. Ba3 Be6 11. Nbd2 Qd7 12. Nb3 0-0-0 13. Nc5 Qe8 14. Qb3 Bb6 15. Rab1 Na5 16. Qc2 Nxc4 17. Qxc4 Ne3 18. Qd3 Nxf1 19. Kxf1 Bxa2 20. Re1 Qc6 21. Qf5+ Kb8 22. Ne5 Qb5+ 23. Kg1 Rxd4 24. Ned7+ Ka8 25. Qxh7 Rd8 26. Qxg7 R4xd7 27. Nxd7 Qxd7 28. h3 Qd4 29. Qg3 a6 30. Be7 Re8 31. Kf1 Rxe7 32. Rxe7 Bc4+ 0-1

[Event "GER-chT U12"]
[Site "Arendsee"]
[Date "2009.12.27"]
[Round "2.3"]
[White "Michels, Kim"]
[Black "Weinmeister, Nico"]
[Result "1-0"]
[WhiteElo "1184"]
[BlackElo "1075"]
[PlyCount "87"]
[EventDate "2009.12.27"]
[EventType "team-swiss"]
[EventRounds "7"]
[EventCountry "GER"]
[SourceTitle "EXT 2022"]
[Source "ChessBase"]
[SourceDate "2021.10.06"]
[SourceVersion "1"]
[SourceVersionDate "2021.10.06"]
[SourceQuality "1"]
[WhiteTeam "Erfurt Medizin U12"]
[BlackTeam "Widdern SC U12"]
[WhiteTeamCountry "GER"]
[BlackTeamCountry "GER"]

1. e4 e5 2. Nf3 Nc6 3. Bc4 Bc5 4. c3 Nf6 5. d4 exd4 6. cxd4 Bb6 7. Nc3 Ba5 8. Bg5 h6 9. Bxf6 Qxf6 10. 0-0 Qg6 11. e5 d6 12. exd6 Qxd6 13. d5 Ne7 14. Qa4+ Bd7 15. Qxa5 0-0 16. Ne4 Qf4 17. Rfe1 Bg4 18. Qd2 Qf5 19. Ng3 Qd7 20. Ne5 Qc8 21. Nxg4 Qxg4 22. Qe2 Qxe2 23. Rxe2 Ng6 24. Rc1 Rac8 25. Bb5 a6 26. Bd7 Rcd8 27. Rxc7 Nf4 28. Rd2 b5 29. d6 Ne6 30. Bxe6 fxe6 31. Re7 Rf7 32. Rxe6 Rfd7 33. Ne4 Kf7 34. Re5 g5 35. Kf1 g4 36. Ke2 Re8 37. Rxe8 Kxe8 38. Nf6+ Kd8 39. Nxd7 Kxd7 40. Ke3 h5 41. f4 gxf3 42. Kxf3 a5 43. g4 hxg4+ 44. Kxg4 1-0